000
00274nam a22001217a 4500
008
180205b xxu||||| |||| 00| 0 eng d
041
_a
eng
080
_a
941
100
_a
16
101
_a
HIS
245
_a
Economic History of the United States
_c
Shannon
942
_2
udc
_c
BK
999
_c
41781
_d
41781